000 00333nam a2200145Ia 4500
008 230718s9999 xx 000 0 und d
041 _aEng.
082 _a658
_bGEN-F
100 _aGenus Audley
245 0 _aFlexible Strategy manage
260 _aPakistan
_bThemen bastions
_c1985
300 _a178
650 _aLaw
999 _c26687
_d26687